Score 0/50 Timer 01:30
1 Play Today
Type This Typed Answer % Correct
????
100%
????
98.4%
????
96.8%
????
95.7%
????
95.1%
????
94.1%
????
93.4%
????
93.1%
????
92.7%
????
92.3%
????
92%
????
91.8%
????
91.4%
????
91.1%
????
91.1%
????
90.8%
????
90.7%
????
90.1%
????
89.6%
????
89.3%
????
89.2%
????
88.3%
????
87.8%
????
86.9%
????
86.2%
Type This Typed Answer % Correct
????
84.8%
????
83.5%
????
82.9%
????
82.1%
????
81.1%
????
79.6%
????
77.5%
????
75.3%
????
73.5%
????
72.2%
????
70.5%
????
67.9%
????
66.4%
????
64.8%
????
61.9%
????
57.9%
????
56.9%
????
55.3%
????
51.9%
????
50.4%
????
47%
????
44.9%
????
40.4%
????
36.6%
????
34.2%
Come Together.
Have Fun.
All Virtual.
We all need to come together. Play Sporcle's virtual live trivia to have fun, connect with people, and get your trivia on. Join a live hosted trivia game for your favorite pub trivia experience done virtually. If a virtual private party is more your thing, go here for details.

You're not logged in!

Compare scores with friends on all Sporcle quizzes.
OR
Log In

Sporcle TV

Today on Sporcle TV


Watch our educational content, quiz creation guides, and fun videos on Sporcle TV.

Show Comments

Extras

Top Quizzes Today


Score Distribution

Paid Content

Your Account Isn't Verified!

In order to create a playlist on Sporcle, you need to verify the email address you used during registration. Go to your Sporcle Settings to finish the process.

Report this User

Report this user for behavior that violates our Community Guidelines.

Details: